000 00698nam a2200289Ia 4500
005 20260324133017.0
008 008 260324s9999 xx 000 0 eng d
020 _a9780203499375
037 _aEBOOK
040 _aCRL
040 _beng
040 _cCRL
041 _2eng
041 _aeng
084 _qCRL
100 _aAlistair Finlan
_91191464
245 4 _aThe Royal Navy in the Falklands Conflict and the Gulf War
245 0 _bCulture and Strategy
260 _bTaylor and Francis
260 _c2004
365 _a
365 _b240
856 _uhttp://www.taylorfrancis.com/books/9780203499375
942 _cEBOOK
999 _c1790103
_d1790103